Proyectos : (Registro nro. 6136)

Detalles MARC
000 -LEADER
fixed length control field 01550nam a2200289Ia 4500
003 - CONTROL NUMBER IDENTIFIER
control field OSt
005 - DATE AND TIME OF LATEST TRANSACTION
control field 20201210160641.0
008 - FIXED-LENGTH DATA ELEMENTS--GENERAL INFORMATION
fixed length control field 191128s2009 ck ad gr 000 0 spa d
020 ## - INTERNATIONAL STANDARD BOOK NUMBER
International Standard Book Number 9789586827508
040 ## - CATALOGING SOURCE
Original cataloging agency CO-JMCR
Transcribing agency CO-JMCR
041 0# - LANGUAGE CODE
Language code of text/sound track or separate title spa
082 04 - DEWEY DECIMAL CLASSIFICATION NUMBER
Classification number 658.404 /
Item number M973p
Edition number 23
100 1# - MAIN ENTRY--PERSONAL NAME
Personal name Murcia M., Jairo Dario,
Relator term autor
9 (RLIN) 12514
245 10 - TITLE STATEMENT
Title Proyectos :
Remainder of title formulación y criterios de evaluación /
Statement of responsibility, etc. Flor Nancy Díaz P., Victor Medellín D., [y 5 más] editor: Luis Javier Buitrago D.
260 ## - PUBLICATION, DISTRIBUTION, ETC.
Place of publication, distribution, etc. Bogotá :
Name of publisher, distributor, etc. Alfaomega,
Date of publication, distribution, etc. 2009
300 ## - PHYSICAL DESCRIPTION
Extent xxiv, 468 páginas :
Other physical details ilustraciones y gráficos a blanco y negro ;
Dimensions 24 cm.
500 ## - GENERAL NOTE
General note Bibliográfia al final de cada cápitulo. Incluye índice.
505 0# - FORMATTED CONTENTS NOTE
Formatted contents note Identificación de los proyectos -- Tipificación de los proyectos -- Componentes de los proyectos -- Inteligencia de mercados --Ingeniería de los proyectos -- Tamaño de los proyectos -- Localización de los proyectos
520 0# - SUMMARY, ETC.
Summary, etc. Para convertir una idea en PROYECTO es necesario resolver varios interrogantes: ¿Qué hacer, cómo, cuándo, dónde, con qué recursos, cuál sería su rentabibllidad? Através de este libro, ocho autores expertos en formular y evaluar proyectos de inversión, des
650 24 - SUBJECT ADDED ENTRY--TOPICAL TERM
Topical term or geographic name entry element Administración de proyectos
9 (RLIN) 12200
650 24 - SUBJECT ADDED ENTRY--TOPICAL TERM
Topical term or geographic name entry element Evaluación de proyectos
9 (RLIN) 2814
650 24 - SUBJECT ADDED ENTRY--TOPICAL TERM
Topical term or geographic name entry element Control de proyectos
9 (RLIN) 12515
700 1# - ADDED ENTRY--PERSONAL NAME
Personal name Díaz P., Flor Nancy,
Relator term autora
9 (RLIN) 12516
700 1# - ADDED ENTRY--PERSONAL NAME
Personal name Medellín D., Victor,
Relator term autor
9 (RLIN) 12517
700 1# - ADDED ENTRY--PERSONAL NAME
Personal name Buitrago D., Luis Javier,
Relator term editor
9 (RLIN) 12518
942 ## - ADDED ENTRY ELEMENTS (KOHA)
Source of classification or shelving scheme Dewey Decimal Classification
Koha item type Books
Existencias
Withdrawn status Lost status Source of classification or shelving scheme Materials specified (bound volume or other part) Damaged status Not for loan Home library Current library Shelving location Date acquired Source of acquisition Total Checkouts Total Renewals Full call number Barcode Date last seen Date last checked out Copy number Price effective from Koha item type
    Dewey Decimal Classification Donación--15/04/2018--     Biblioteca Pública José María del Castillo y Rada Biblioteca Pública José María del Castillo y Rada General Stacks 11/28/2019 Donación 4 2 658.404 / M973p 430012081 11/15/2024 11/12/2024 Ej.1 11/28/2019 Books